000 00407nam a22001697a 4500
005 20180319110800.0
008 160526b xxu||||| |||| 00| 0 eng d
020 _a81-259-0661-4
041 _aeng
082 _b5125
_a336.24
100 _aDuriapandian, K & Akbar
_91282
245 _aIncome tax
260 _aNew Delhi
_bAcademic Faundation
300 _a15.3
650 _aManagement
_9241
942 _cBK
999 _c1789
_d1788